000 00551nam a2200217Ia 4500
003 OSt
005 20230412095133.0
008 210423s2010 xx 000 0 und d
020 _a195690869
040 _cAL
041 _aeng
082 _a658.4 PARU
100 _aPAREEK (Udai).
_986617
245 _aUnderstanding organizational behavior.
250 _a2
260 _aNew Delhi
_bOxford University Press
_c2010
300 _axvi,798
_bPB
365 _b375
_cINR
906 _abehavior. ; organizational ; Understanding
942 _2ddc
_cBK
999 _c159535
_d159535